5HLuxD.jpg

KING HENRY VIII SENIOR AND PRIMARY SCHOOL LIBRARY OPAC

It's sunny! / (Record no. 2540)

000 -LEADER
fixed length control field 00714cam a2200253 a 4500
001 - CONTROL NUMBER
control field 016082033
003 - CONTROL NUMBER IDENTIFIER
control field UkOxU
005 - DATE AND TIME OF LATEST TRANSACTION
control field 20230713080040.0
008 - FIXED-LENGTH DATA ELEMENTS--GENERAL INFORMATION
fixed length control field 030716s2002 enk j 000 1 eng
015 ## - NATIONAL BIBLIOGRAPHY NUMBER
National bibliography number bA2V9146
020 ## - INTERNATIONAL STANDARD BOOK NUMBER
International Standard Book Number 9780749646851 (pbk)
035 ## - SYSTEM CONTROL NUMBER
System control number (UkLCURL)b00003488024
040 ## - CATALOGING SOURCE
Original cataloging agency BDS
Transcribing agency BDS
Modifying agency Uk
-- KH8
049 ## - LOCAL HOLDINGS (OCLC)
Local processing data b
082 14 - DEWEY DECIMAL CLASSIFICATION NUMBER
Classification number 823.914 MAN
Edition number 21
100 1# - MAIN ENTRY--PERSONAL NAME
Personal name Manning, Mick.
Relator term Author
245 10 - TITLE STATEMENT
Title It's sunny! /
Statement of responsibility, etc. Mick Manning and Brita Granström.
260 ## - PUBLICATION, DISTRIBUTION, ETC.
Place of publication, distribution, etc. London :
Name of publisher, distributor, etc. Watts,
Date of publication, distribution, etc. 2002.
300 ## - PHYSICAL DESCRIPTION
Extent 24 p. :
Other physical details chiefly col. ill ;
Dimensions 21 cm.
650 #0 - SUBJECT ADDED ENTRY--TOPICAL TERM
Topical term or geographic name entry element Weather
Form subdivision Pictorial works
-- Juvenile fiction.
700 1# - ADDED ENTRY--PERSONAL NAME
Personal name Granström, Brita.
Relator term Author
830 #0 - SERIES ADDED ENTRY--UNIFORM TITLE
Uniform title Me and my world
942 ## - ADDED ENTRY ELEMENTS (KOHA)
Source of classification or shelving scheme
Koha item type Books
Holdings
Withdrawn status Lost status Source of classification or shelving scheme Damaged status Not for loan Collection code Permanent Location Current Location Shelving location Date acquired Total Checkouts Full call number Barcode Date last seen Date last checked out Price effective from Koha item type
          Fiction KH8 Primary School Library KH8 Primary School Library Non Fiction 2023-07-13 8 823.914 MAN KHPL000004270 2026-03-16 2026-03-03 2023-07-13 Books

Powered By KH8 IT Dept